| 000 | 00672nam a22002057a 4500 | ||
|---|---|---|---|
| 999 |
_c15312 _d15312 |
||
| 003 | AR-CdUCM | ||
| 008 | 190426b ||||| |||| 00| 0 spa d | ||
| 020 | _a968-16-7024-8 | ||
| 040 |
_aMUNICIPALIDAD PROVINCIAL DEL CUSCO _cBIBLIOTECA MUNICIPAL DEL CUSCO |
||
| 082 |
_aPI / 808.06 / _bB45 |
||
| 100 |
_aBernard, Fred _934361 |
||
| 245 | _aJesús Betz / | ||
| 260 |
_aMéxico, D.F. : _bFondo de cultura económica, _c2003. |
||
| 300 |
_a29 páginas ; _bIlustraciones, _c38 cm. |
||
| 440 |
_aLos especiales de A la orilla del viento ; _933315 |
||
| 650 |
_aLiteratura infantil _9588 |
||
| 700 |
_aRoca, Francois _934362 |
||
| 942 |
_2ddc _cLIBROS |
||
| 945 |
_aacv _d2019-04-26 |
||